| 000 | 00916nam a2200301 a 4500 | ||
|---|---|---|---|
| 003 | AR-BaBNM | ||
| 005 | 20251128205406.0 | ||
| 008 | 082120s2002 ||||||||||||||000 | spa|| | ||
| 020 | _a950-9316-77-6 | ||
| 040 | _cAR-BaBNM | ||
| 245 | 0 | 0 |
_aEstructuras sociales y mentalidades en América Latina _bSiglos XVII y XVIII |
| 260 |
_aBuenos Aires _bBiblos _bFundación Simón Rodríguez _c1990 |
||
| 300 |
_a381 p. _bgráfs., tablas |
||
| 490 | 0 |
_aSociedades americanas _vv. 1 |
|
| 504 | _aTodos los trabajos cuentan con bibliografía para consultar. | ||
| 650 | 4 | _aHISTORIA ECONOMICA | |
| 650 | 4 | _aHISTORIA SOCIAL | |
| 650 | 4 | _aPERIODO HISPANICO | |
| 650 | 4 | _aHISTORIA DE LAS COSTUMBRES | |
| 650 | 4 | _aAGRICULTURA | |
| 650 | 4 | _aGANADERIA | |
| 650 | 4 | _aVAQUERIAS | |
| 650 | 4 | _aCIENCIAS POLITICAS | |
| 653 | _aGAUCHOS | ||
| 700 | 1 |
_aDi Tella, Torcuato S. _eprologuista |
|
| 942 | _cBK | ||
| 998 | _cmariana | ||
| 999 |
_c11234 _d11234 |
||